| 000 | 01189nam a2200277Ia 4500 | ||
|---|---|---|---|
| 003 | OSt | ||
| 005 | 20200805152343.0 | ||
| 008 | 191128s2014 ck fr 000 0 spa d | ||
| 020 | _a9789587721928 | ||
| 040 |
_aCO-JMCR _cCO-JMCR |
||
| 041 | 0 | _aspa | |
| 082 | 0 | 4 |
_a343.09 / _bT677r _223 |
| 100 | 1 |
_aTorre Vargas, David de la, _eautor _98461 |
|
| 245 | 1 | 0 |
_aRegionalización de servicios públicos y propiedad municipal : _cDavid de la Torre Vargas |
| 250 | _aPrimera edición | ||
| 260 |
_aBogotá : _bUniversidad Externado de Colombia, _c2014 |
||
| 300 |
_a128 páginas ; _c21 cm. |
||
| 490 | 0 |
_aTemas de derecho administrativo ; _v3 |
|
| 500 | _aDatos biográficos del autor en solapa frontal. | ||
| 504 | _aBibliografía: páginas 115-128 | ||
| 505 | 0 | _aLa justificación económica del esquema de organización -- La falencia transversal del actual esquema: el desconocimiento del principio de reserva de ley -- Estructura del programa agua para la posteridad -- Planes departamentales de agua (PAP-PDA) | |
| 650 | 1 | 4 |
_aServicios públicos domiciliarios _98462 |
| 650 | 1 | 4 |
_aProceso de potabilización del agua _98463 |
| 650 | 1 | 4 |
_aCalidad de agua _98464 |
| 942 |
_2ddc _cBK |
||
| 999 |
_c5908 _d5908 |
||